Least Guessed NHL Teams on JetPunk - Statistics

General Stats
  • This quiz has been taken 360 times
  • The average score is 3 of 5
Answer Stats
% Team % Correct
71 Columbus Blue Jackets
77%
73 Arizona Coyotes
76%
69 Buffalo Sabres
73%
74 St. Louis Blues
66%
57 Vegas Golden Knights
55%
No matching quizzes found
Score Distribution
Percent of People with Each Score
Percentile by Number Answered
Your Score History
You have not taken this quiz